MARC

Tag First Indicator Second Indicator Subfields
LEADER 00000cas a2200000 a 4500
001 in00002782673
005 20220106085131.0
006 m o a
007 cr |||||||||||
008 121115d20072008dcu|| |os f| 0eng c
010 |a  2012230811 
035 |a (OCoLC)ocn818192735 
040 |a GPO  |c GPO  |d GPO  |d MvI  |d UtOrBLW 
042 |a pcc 
043 |a n-us-mi 
049 |a WWW 
074 |a 0768-B-22 (online) 
086 0 |a L 2.121/22:H 71/ 
245 0 0 |a National compensation survey.  |p State and local government.  |p Holland-Grand Haven, MI. 
246 1 |a Holland-Grand Haven, MI 
246 1 |a Holland-Grand Haven, MI, national compensation survey, state and local government 
264 1 |a Washington, DC :  |b U.S. Dept. of Labor, U.S. Bureau of Labor Statistics. 
300 |a 1 online resource (2 volumes) 
310 |a Annual 
336 |a text  |b txt  |2 rdacontent 
337 |a computer  |b c  |2 rdamedia 
338 |a online resource  |b cr  |2 rdacarrier 
362 1 |a Began with: July 2007; ceased with: July 2008. 
588 |a Description based on: July 2007; title from PDF caption (viewed Nov. 15, 2012). 
588 |a Latest issue consulted: July 2008 (viewed Nov. 15, 2012). 
500 |a Electronic resource. 
651 0 |a Holland (Mich.)  |x Officials and employees  |x Salaries, etc.  |v Statistics. 
651 0 |a Grand Haven (Mich.)  |x Officials and employees  |x Salaries, etc.  |v Statistics. 
650 0 |a Wages  |z Michigan  |z Netherlands  |v Statistics. 
650 0 |a Wages  |z Michigan  |z Grand Haven  |v Statistics. 
710 1 |a United States.  |b Bureau of Labor Statistics. 
780 0 1 |t National compensation survey. Grand Rapids-Muskegon-Holland, MI (Online)  |x 2166-4943  |w (DLC) 2001232930  |w (OCoLC)48136409 
785 0 0 |t National compensation survey. Holland-Grand Haven, MI  |w (DLC) 2012230812  |w (OCoLC)818192752 
856 4 0 |u https://purl.fdlp.gov/GPO/gpo31315  |t 0 
999 |a MARS 
999 f f |s 67af7558-7f58-3dd4-99fc-3a564d83596d  |i 9759481b-7679-338a-af70-64d1bd61556c  |t 0 
952 f f |a Texas A&M University  |b College Station  |c Electronic Resources  |d Available Online  |t 0  |e L 2.121/22:H 71/  |h Superintendent of Documents classification 
998 f f |a L 2.121/22:H 71/  |t 0  |l Available Online